| 000 | 02052nam a2200505 c 4500 | ||
|---|---|---|---|
| 003 | BLK | ||
| 005 | 20180420230109.0 | ||
| 008 | 180409b bul|||||r ||||||| ||bul|| | ||
| 010 | _aKNG00106579000 | ||
| 020 |
_a985-433-989-0 _bиздат.: Харвест - (многотомно) |
||
| 020 |
_a985-13-0064-0 _bиздат.: Харвест - на том(т. 2) |
||
| 040 | _aBLK | ||
| 041 |
_aRUS _cRUS |
||
| 080 |
_aОбща световна история. История на света _b930.9 _x _z930.9 |
||
| 080 |
_aСтара и антична история (общо) _b931/939 _x _z931/939 |
||
| 100 | 1 |
_aБадак, Александр Николаевич _eпърви автор _935166 |
|
| 139 |
_aВсемирная история _bВ 88 |
||
| 245 | 1 | 0 |
_aВсемирная история _bТ. 1 - _cАлександр Николаевич Бадак. _nТ. 2 _pБронзовый век |
| 257 |
_aBYE _aRUS |
||
| 260 |
_аМинск ; Москва _c2000 - _fМинск : ПК им. Я. Коласа |
||
| 300 | _c21 см | ||
| 380 | _a9 | ||
| 650 | 4 |
_aИстория, световна _9261939 |
|
| 650 | 4 |
_aДревен свят - история _9243364 |
|
| 653 | _aсветовна история | ||
| 653 | _aбронзова епоха | ||
| 653 | _aДревен Египет | ||
| 653 | _aВавилония | ||
| 653 | _aАсирия | ||
| 653 | _aХетско царство | ||
| 653 | _aПалестина | ||
| 653 | _aФиникия | ||
| 653 | _aСирия | ||
| 653 | _aкрито-микенска цивилизация | ||
| 653 | _aДревен Китай | ||
| 653 | _aДревна Индия | ||
| 653 | _aЕвропа | ||
| 653 | _aдревни цивилизации | ||
| 760 | 1 |
_3- (многотомно) _aБадак, Александр Николаевич _dХарвест, 2002 _h512 с. _n5 000 тир. _tТ. 2 Бронзовый век |
|
| 852 | _aЦб 215111 | ||
| 856 | 4 |
_qpdf _u |
|
| 856 | 4 |
_qpdf _u |
|
| 942 |
_cKNG _n0 |
||
| 944 |
_aCR _c01.01.2002 _kЛюдмила_Стоянова |
||
| 944 |
_aED _c18.12.2003 _k |
||
| 999 |
_c101529 _d101529 |
||